| 000 | 00692nam a2200157 a 4500 | ||
|---|---|---|---|
| 008 | 211208s2017 ||||||||||||||||| || u | ||
| 020 | _a9780128054185 | ||
| 050 | _aQ 223 Kra | ||
| 100 | _aKrantz, William B | ||
| 245 | 1 | 0 |
_aPresenting an effective and dynamic technical paper: A guidebook for novice and experienced speakers in a multicultural world _cBy William B Krantz |
| 260 |
_aUnited Kingdom _bElsevier _c2017 |
||
| 300 | _axix, 95 pages: illustrations | ||
| 650 | _aCOMMUNICATION IN SCIENCE | ||
| 650 | _aPUBLIC SPEAKING | ||
| 995 |
_FCBU-MAIN LIBRARY (Kitwe) _I98.57 _M1 _UAVAILABLE _WDec 8, 2021 _ZMain Library Open Access Collection |
||
| 999 |
_c54394 _d54394 |
||